[Event "Silves op"]
[Site "Silves"]
[Date "2025.03.07"]
[Round "9"]
[White "Boesel, Alexander"]
[Black "Ferreira, Eduardo Jose Fernan"]
[Result "1-0"]
[WhiteElo "2041"]
[BlackElo "1810"]
[PlyCount "63"]
[EventDate "2025.03.01"]
[EventType "swiss"]
[EventRounds "9"]
[EventCountry "POR"]
[SourceTitle "CB11_2025"]
[SourceDate "2025.03.12"]
[SourceVersion "1"]
[SourceVersionDate "2025.03.12"]
[SourceQuality "1"]

1. e4 c5 2. Nf3 Nc6 3. Bb5 Nf6 4. d3 Qa5+ 5. Nc3 Nd4 6. Bc4 b5 7. Bb3 Nxb3 8. cxb3 e6 9. 0-0 Bb7 10. Bd2 Qb6 11. Be3 d6 12. b4 Be7 13. bxc5 dxc5 14. b4 Ng4 15. Bxc5 Bxc5 16. bxc5 Qxc5 17. Rc1 Qb6 18. Qb3 Bc6 19. h3 Nf6 20. Ne5 Rb8 21. Nxc6 Qxc6 22. Nxb5 Qxb5 23. Qxb5+ Rxb5 24. Rc8+ Kd7 25. Rxh8 Ra5 26. Rb1 Rxa2 27. Rb7+ Kc6 28. Rxf7 a5 29. Rxg7 Kc5 30. Rf7 Nxe4 31. dxe4 a4 32. Ra8 1-0

[Event "Silves op"]
[Site "Silves"]
[Date "2025.03.05"]
[Round "7"]
[White "Ryabukhin, Roman"]
[Black "Boesel, Alexander"]
[Result "1-0"]
[WhiteElo "2180"]
[BlackElo "2041"]
[PlyCount "35"]
[EventDate "2025.03.01"]
[EventType "swiss"]
[EventRounds "9"]
[EventCountry "POR"]
[SourceTitle "CB11_2025"]
[SourceDate "2025.03.12"]
[SourceVersion "1"]
[SourceVersionDate "2025.03.12"]
[SourceQuality "1"]

1. e4 c6 2. d4 d5 3. e5 c5 4. Nf3 cxd4 5. Qxd4 Nc6 6. Qf4 e6 7. Nc3 Nb4 8. Qd2 Ne7 9. a3 Nbc6 10. Bd3 Ng6 11. Bxg6 fxg6 12. 0-0 Bc5 13. Qf4 a6 14. b4 Be7 15. Be3 Rf8 16. Qg3 Kf7 17. Rad1 Qc7 18. Nxd5 1-0

[Event "Silves op"]
[Site "Silves"]
[Date "2025.03.04"]
[Round "5"]
[White "Boesel, Alexander"]
[Black "Esteves, Goncalo Maria Franc"]
[Result "1-0"]
[WhiteElo "2041"]
[BlackElo "1941"]
[PlyCount "112"]
[EventDate "2025.03.01"]
[EventType "swiss"]
[EventRounds "9"]
[EventCountry "POR"]
[SourceTitle "CB11_2025"]
[SourceDate "2025.03.12"]
[SourceVersion "1"]
[SourceVersionDate "2025.03.12"]
[SourceQuality "1"]

1. e4 e5 2. Nf3 Nc6 3. Bc4 Bc5 4. d3 Nf6 5. 0-0 a6 6. c3 d6 7. Bb3 Ba7 8. Nbd2 h6 9. Qe2 Be6 10. Nc4 Bxc4 11. dxc4 0-0 12. Nh4 Ne7 13. Qf3 Kh7 14. Bc2 Qd7 15. h3 Nfg8 16. Kh2 g5 17. Nf5 c6 18. Bxg5 Nxf5 19. exf5 f6 20. Be3 Bxe3 21. fxe3 Qf7 22. Bb3 Ne7 23. Rad1 Rad8 24. Rf2 Rd7 25. Rfd2 Rfd8 26. e4 Qe8 27. Rd3 Nc8 28. R1d2 Nb6 29. Qd1 Qe7 30. a3 a5 31. Ba2 a4 32. b4 c5 33. Rg3 Rg8 34. Rxg8 Kxg8 35. Qh5 Qf8 36. Kh1 Kh7 37. Qg6+ Kh8 38. Rd3 Rh7 39. Rg3 Qf7 40. b5 Nc8 41. Bb1 Ne7 42. Qxf7 Rxf7 43. Bc2 Rg7 44. Rd3 Nc8 45. Bxa4 b6 46. Bd1 Kg8 47. a4 Kf8 48. Kh2 Rd7 49. Rd2 Ra7 50. Kg3 Rg7+ 51. Kh4 Rg5 52. g4 Ke7 53. Ra2 d5 54. cxd5 Nd6 55. a5 Nxb5 56. axb6 Kd7 1-0

[Event "Silves op"]
[Site "Silves"]
[Date "2025.03.02"]
[Round "2"]
[White "Espinosa Aranda, Angel"]
[Black "Boesel, Alexander"]
[Result "0-1"]
[WhiteElo "2440"]
[BlackElo "2041"]
[PlyCount "104"]
[EventDate "2025.03.01"]
[EventType "swiss"]
[EventRounds "9"]
[EventCountry "POR"]
[SourceTitle "CB11_2025"]
[SourceDate "2025.03.12"]
[SourceVersion "1"]
[SourceVersionDate "2025.03.12"]
[SourceQuality "1"]

1. e4 c6 2. Nf3 d5 3. d3 Bg4 4. h3 Bxf3 5. Qxf3 e5 6. g3 Nf6 7. Bg2 dxe4 8. dxe4 Nbd7 9. 0-0 Bc5 10. Nd2 b5 11. Rd1 Qc7 12. a4 0-0 13. Nf1 Rfd8 14. h4 Nb6 15. Rxd8+ Rxd8 16. axb5 cxb5 17. Bg5 Rd6 18. Qe2 Nc4 19. b3 Na3 20. c3 b4 21. cxb4 Bxb4 22. Ne3 Qc3 23. Qf1 Qxb3 24. Rc1 h6 25. Rc8+ Kh7 26. Bxf6 Rxf6 27. Nd5 Rd6 28. Qe2 Ba5 29. Qg4 Qb7 30. Rf8 g6 31. Qf3 Kg7 32. Re8 Rxd5 33. exd5 Nc4 34. Qe4 Qd7 35. Ra8 Qb7 36. Re8 Qd7 37. Rb8 Qc7 38. Qb1 Bb6 39. Ra8 Nd6 40. Qb2 f6 41. Qb4 h5 42. Qa4 Qc1+ 43. Kh2 Bxf2 44. Qd7+ Nf7 45. Qe7 Bc5 46. Qe8 g5 47. Qg8+ Kh6 48. hxg5+ fxg5 49. g4 Bg1+ 50. Kh1 Be3+ 51. Kh2 Bf4+ 52. Kh3 Qe3+ 0-1

[Event "Leer op"]
[Site "Leer"]
[Date "2024.11.03"]
[Round "7"]
[White "Braun, Julian1"]
[Black "Boesel, Alexander"]
[Result "1-0"]
[WhiteElo "1851"]
[BlackElo "2076"]
[PlyCount "37"]
[EventDate "2024.10.31"]
[EventType "swiss"]
[EventRounds "7"]
[EventCountry "GER"]
[SourceTitle "CB45_2024"]
[Source "ChessBase"]
[SourceDate "2024.11.06"]
[SourceVersion "1"]
[SourceVersionDate "2024.11.06"]
[SourceQuality "1"]

1. e4 c5 2. Nc3 Nc6 3. Nf3 e6 4. d4 cxd4 5. Nxd4 Nf6 6. a3 d5 7. Bb5 Bd7 8. exd5 exd5 9. 0-0 h6 10. Re1+ Be7 11. Bxc6 bxc6 12. Qe2 c5 13. Ndb5 Bc6 14. Bf4 Kf8 15. Rad1 d4 16. Qc4 Qd7 17. Rxe7 Kxe7 18. Qxc5+ Ke8 19. Nc7+ 1-0

[Event "Leer op"]
[Site "Leer"]
[Date "2024.11.02"]
[Round "6"]
[White "Boesel, Alexander"]
[Black "Meyer, Thorsten1"]
[Result "1-0"]
[WhiteElo "2076"]
[BlackElo "1971"]
[PlyCount "137"]
[EventDate "2024.10.31"]
[EventType "swiss"]
[EventRounds "7"]
[EventCountry "GER"]
[SourceTitle "CB45_2024"]
[Source "ChessBase"]
[SourceDate "2024.11.06"]
[SourceVersion "1"]
[SourceVersionDate "2024.11.06"]
[SourceQuality "1"]

1. e4 d6 2. d4 Nf6 3. Nc3 g6 4. f4 c6 5. a4 Bg7 6. Nf3 0-0 7. Bd3 b6 8. Be3 d5 9. e5 Ng4 10. Bg1 f5 11. h3 Nh6 12. Qe2 e6 13. Be3 a5 14. 0-0 Na6 15. Na2 Qe7 16. c3 Bb7 17. Rfb1 c5 18. b4 c4 19. Bc2 Rfb8 20. Bd1 Bc8 21. b5 Nc7 22. Bf2 Ne8 23. Bh4 Qc7 24. Nh2 Bf8 25. g4 Be7 26. Qf2 Qd8 27. Bxe7 Qxe7 28. g5 Nf7 29. Nf3 Nh8 30. Nc1 Bd7 31. Ne2 Ng7 32. Ng3 Rf8 33. Nh2 Kf7 34. Nhf1 Ke8 35. Bf3 Kd8 36. Ne3 Rc8 37. Kg2 Ne8 38. Rh1 Nc7 39. h4 Nf7 40. Nc2 Rh8 41. h5 Qf8 42. Rh3 Ke7 43. Rah1 Qg7 44. Kf1 Rcg8 45. R1h2 Kd8 46. Ke2 Qf8 47. Qe1 Kc8 48. Qh1 Kd8 49. Kd2 Kc8 50. Kc1 Kd8 51. Kb2 Kc8 52. Ne3 Kb8 53. Ngf1 Qe8 54. Nd2 Ka7 55. Qd1 Rf8 56. Bg2 Bc8 57. Qf3 Bb7 58. Nexc4 Nxb5 59. axb5 Qxb5+ 60. Kc1 Rc8 61. Na3 Qb4 62. Nc2 Qa4 63. hxg6 hxg6 64. Rxh8 Nxh8 65. Bf1 b5 66. Qd3 Kb6 67. Kb2 b4 68. cxb4 axb4 69. Qb3 1-0

[Event "Muensterland op 41st"]
[Site "Muenster"]
[Date "2024.10.17"]
[Round "7"]
[White "Boesel, Alexander"]
[Black "Heidemann, Kristjan"]
[Result "1-0"]
[WhiteElo "2045"]
[BlackElo "1764"]
[PlyCount "51"]
[EventDate "2024.10.12"]
[EventType "swiss"]
[EventRounds "9"]
[EventCountry "GER"]
[SourceTitle "CB43_2024"]
[Source "Chessbase"]
[SourceDate "2024.10.23"]
[SourceVersion "1"]
[SourceVersionDate "2024.10.23"]
[SourceQuality "1"]

1. e4 c5 2. Nf3 g6 3. c3 Bg7 4. d4 cxd4 5. cxd4 d5 6. e5 a6 7. h3 Nc6 8. Nc3 f6 9. Bf4 Bf5 10. Qb3 fxe5 11. dxe5 Be6 12. Qxb7 Na5 13. Qb4 Rb8 14. Qa3 Nh6 15. Nd4 Bc8 16. b4 Qb6 17. Rd1 Nc6 18. Nxd5 Nxd4 19. Qc3 Qa7 20. Nc7+ Kf7 21. Rxd4 e6 22. Bxh6 Bxh6 23. Qf3+ Bf4 24. Qxf4+ Kg7 25. Qf6+ Kh6 26. Rh4# 1-0

[Event "Dieren op"]
[Site "Dieren"]
[Date "2023.07.26"]
[Round "2"]
[White "Binnendijk, Ferdinand"]
[Black "Boesel, Alexander"]
[Result "0-1"]
[WhiteElo "2112"]
[BlackElo "2002"]
[PlyCount "94"]
[EventDate "2023.07.25"]
[EventType "swiss"]
[EventRounds "9"]
[EventCountry "NED"]
[SourceTitle "CBM 215 Extra"]
[Source "ChessBase"]
[SourceDate "2023.09.30"]
[SourceVersion "1"]
[SourceVersionDate "2023.09.30"]
[SourceQuality "1"]

1. d4 Nf6 2. c4 e6 3. Nc3 Bb4 4. a3 Bxc3+ 5. bxc3 d6 6. f3 0-0 7. e4 c5 8. Bd3 Nc6 9. Ne2 b6 10. Bg5 e5 11. d5 Na5 12. Ng3 h6 13. Bc1 Ba6 14. Nf5 Kh7 15. Ne3 Nh5 16. g3 g6 17. 0-0 Ng7 18. Rf2 f6 19. Rb1 Qe7 20. Qf1 Rf7 21. Ng4 h5 22. Nh6 Rff8 23. h4 Rh8 24. g4 Raf8 25. g5 Ne8 26. Rbb2 Bc8 27. f4 fxg5 28. fxg5 Kg7 29. Nf5+ gxf5 30. exf5 Kg8 31. f6 Qd7 32. Bf5 Qd8 33. Qd3 Bxf5 34. Qxf5 Rf7 35. Qg6+ Kf8 36. Qe4 Rg8 37. Rg2 Nxf6 38. gxf6 Rxg2+ 39. Rxg2 Qxf6 40. Bg5 Qf1+ 41. Kh2 Rf5 42. Qc2 Nxc4 43. Qa4 Rxg5 44. Rxg5 Qf2+ 45. Rg2 Qxh4+ 46. Kg1 Qe1+ 47. Kh2 Nd2 0-1

[Event "Wachtebeke op"]
[Site "Wachtebeke"]
[Date "2022.03.03"]
[Round "9"]
[White "Boesel, Alexander"]
[Black "Nemegeer, Arne"]
[Result "0-1"]
[WhiteElo "1996"]
[BlackElo "2099"]
[PlyCount "78"]
[EventDate "2022.02.26"]
[EventType "swiss"]
[EventRounds "9"]
[EventCountry "BEL"]
[SourceTitle "CBM 207 Extra"]
[Source "ChessBase"]
[SourceDate "2022.05.31"]
[SourceVersion "1"]
[SourceVersionDate "2022.05.31"]
[SourceQuality "1"]

1. e4 c6 2. d4 d5 3. Nd2 dxe4 4. Nxe4 Nf6 5. Nxf6+ exf6 6. c3 Bd6 7. Bd3 0-0 8. Qc2 Re8+ 9. Ne2 h5 10. 0-0 h4 11. Bf4 Na6 12. Bxd6 Qxd6 13. Rad1 Nc7 14. c4 Ne6 15. d5 cxd5 16. Bh7+ Kf8 17. Rxd5 Qc7 18. Bf5 g6 19. Bh3 Ng5 20. Bxc8 Raxc8 21. b3 h3 22. Qd2 hxg2 23. Kxg2 Kg7 24. Rd1 Rh8 25. Qf4 Qe7 26. Nc3 Qe6 27. R1d3 Nh3 28. Qg3 g5 29. Re3 Nf4+ 30. Kg1 Qc6 31. Rd4 Rh3 32. Qxf4 gxf4 33. Rxh3 Qe6 34. Rf3 Qe1+ 35. Kg2 Rg8 36. Rdxf4 Kf8+ 37. Kh3 Qf1+ 38. Kh4 Qg2 39. Rg3 Qxh2+ 0-1

[Event "Muensterland Verbandsliga 1920"]
[Site "Germany"]
[Date "2020.02.01"]
[Round "6.2"]
[White "Boesel, Alexander"]
[Black "Lodde, Martin"]
[Result "1/2-1/2"]
[WhiteElo "2068"]
[BlackElo "1941"]
[PlyCount "68"]
[EventDate "2019.09.07"]
[EventType "team-tourn"]
[EventRounds "7"]
[EventCountry "GER"]
[SourceTitle "EXT 2023"]
[Source "ChessBase"]
[SourceDate "2022.10.05"]
[SourceVersion "1"]
[SourceVersionDate "2022.10.05"]
[SourceQuality "1"]
[WhiteTeam "Olfen"]
[BlackTeam "Telgte"]
[WhiteTeamCountry "GER"]
[BlackTeamCountry "GER"]

1. e4 e6 2. d4 d5 3. Nd2 c5 4. exd5 Qxd5 5. Ngf3 cxd4 6. Bc4 Qd6 7. 0-0 Nf6 8. Nb3 Nc6 9. Nbxd4 Nxd4 10. Nxd4 a6 11. Re1 Be7 12. c3 0-0 13. Qf3 Qc7 14. Bd3 Bd7 15. Bg5 Rfe8 16. Rad1 Rad8 17. Bb1 h6 18. Bh4 Bc6 19. Nxc6 Qxc6 20. Qxc6 bxc6 21. Bd3 a5 22. Rd2 Kf8 23. Red1 Rb8 24. Bg3 Rb7 25. b3 Rd8 26. Bb1 Rxd2 27. Rxd2 a4 28. Bc2 Nd5 29. c4 Bg5 30. Bd6+ Ke8 31. Rd3 Nb4 32. Bxb4 Rxb4 33. Rd6 axb3 34. Bxb3 c5 1/2-1/2

[Event "Dortmund Sparkassen op-A 45th"]
[Site "Dortmund"]
[Date "2017.07.18"]
[Round "4"]
[White "Gramb, Marius"]
[Black "Boesel, Alexander"]
[Result "0-1"]
[WhiteElo "2110"]
[BlackElo "1963"]
[PlyCount "80"]
[EventDate "2017.07.15"]
[EventType "swiss"]
[EventRounds "9"]
[EventCountry "GER"]
[SourceTitle "CBM 179 Extra"]
[Source "ChessBase"]
[SourceDate "2017.08.23"]
[SourceVersion "1"]
[SourceVersionDate "2017.08.23"]
[SourceQuality "1"]

1. d4 Nf6 2. c4 g6 3. Nc3 Bg7 4. e4 d6 5. Be2 0-0 6. Bg5 c5 7. d5 e6 8. Qd2 exd5 9. exd5 Qb6 10. 0-0-0 Re8 11. f3 a6 12. g4 Nbd7 13. h4 Qa5 14. h5 b5 15. hxg6 hxg6 16. Bh6 Bh8 17. Bf4 Ne5 18. cxb5 Rb8 19. Bg5 Nh7 20. a4 c4 21. Bf4 axb5 22. axb5 Bd7 23. Bf1 Nd3+ 24. Bxd3 cxd3 25. Qxd3 Rec8 26. Kd2 Bxb5 27. Qe3 Bxc3+ 28. bxc3 Qa2+ 29. Ke1 Re8 30. Rd2 Qa1+ 31. Kf2 Rxe3 32. Bxe3 Qf1+ 33. Kg3 Qe1+ 34. Rf2 Qxe3 35. Rfh2 Qe5+ 36. f4 Qe1+ 37. Kg2 Bf1+ 38. Kf3 Qxc3+ 39. Kf2 Rb2+ 40. Kxf1 Qc1# 0-1

[Event "GER-ch U25-A"]
[Site "Willingen"]
[Date "2016.05.21"]
[Round "9"]
[White "Richter, Nils"]
[Black "Boesel, Alexander"]
[Result "1/2-1/2"]
[WhiteElo "1826"]
[BlackElo "1992"]
[PlyCount "124"]
[EventDate "2016.05.15"]
[EventType "swiss"]
[EventRounds "9"]
[EventCountry "GER"]
[SourceTitle "CBM 172 Extra"]
[Source "ChessBase"]
[SourceDate "2016.06.21"]
[SourceVersion "1"]
[SourceVersionDate "2016.06.21"]
[SourceQuality "1"]

1. e4 c5 2. Nf3 d6 3. d4 cxd4 4. Nxd4 Nf6 5. Nc3 a6 6. Be2 e5 7. Nb3 Be7 8. 0-0 Be6 9. f4 Qc7 10. Nd5 Bxd5 11. exd5 Nbd7 12. Kh1 0-0 13. a4 Nb6 14. Bf3 e4 15. Be2 Nbxd5 16. a5 Nb4 17. Bd2 d5 18. c3 Nc6 19. Be3 Rfe8 20. Qe1 Bf8 21. Qh4 Ne7 22. Nd4 Ng6 23. Qg3 Bc5 24. Qf2 Qd7 25. Qg3 Qc7 26. Qf2 Rac8 27. Kg1 Kh8 28. Kh1 Qd7 29. Qg3 Ne7 30. Rfd1 Bxd4 31. Bxd4 Nf5 32. Qh3 Nxd4 33. Qxd7 Nxd7 34. Rxd4 Nf6 35. g4 Rc5 36. Rad1 Rxa5 37. g5 Ng8 38. Rxd5 Rxd5 39. Rxd5 g6 40. Rd7 Re7 41. Rd4 Kg7 42. Kg2 f5 43. gxf6+ Kxf6 44. Kf2 Nh6 45. Rd6+ Kf5 46. Ke3 Ng4+ 47. Bxg4+ Kxg4 48. Rd2 Kh3 49. Rf2 h5 50. Rd2 Re6 51. Rf2 h4 52. Rd2 a5 53. Rf2 b5 54. Rd2 b4 55. cxb4 axb4 56. Rf2 b3 57. Rd2 Rc6 58. Kxe4 Rc2 59. Rd3+ Kxh2 60. Rxb3 h3 61. Rb6 Rg2 62. Kf3 Rg3+ 1/2-1/2

[Event "GER-ch U25-A"]
[Site "Willingen"]
[Date "2016.05.18"]
[Round "6"]
[White "Boesel, Alexander"]
[Black "Lehmann, Tim"]
[Result "1/2-1/2"]
[WhiteElo "1992"]
[BlackElo "1613"]
[PlyCount "42"]
[EventDate "2016.05.15"]
[EventType "swiss"]
[EventRounds "9"]
[EventCountry "GER"]
[SourceTitle "CBM 172 Extra"]
[Source "ChessBase"]
[SourceDate "2016.06.21"]
[SourceVersion "1"]
[SourceVersionDate "2016.06.21"]
[SourceQuality "1"]

1. e4 c5 2. Nf3 d6 3. d4 cxd4 4. Nxd4 Nf6 5. Nc3 a6 6. h3 e5 7. Nde2 h5 8. g3 Be6 9. Bg2 b5 10. a3 Be7 11. Be3 Nbd7 12. 0-0 Rc8 13. Qd2 Nb6 14. Bxb6 Qxb6 15. Nd5 Nxd5 16. exd5 Bf5 17. Rfc1 0-0 18. b4 Bf6 19. c3 a5 20. a4 axb4 21. a5 bxc3 1/2-1/2

[Event "Muensterland Verbandsliga 1516"]
[Site "Germany"]
[Date "2016.01.16"]
[Round "5.2"]
[White "Boesel, Alexander"]
[Black "Schroer, Klaus"]
[Result "0-1"]
[WhiteElo "1893"]
[BlackElo "2033"]
[PlyCount "84"]
[EventDate "2015.09.12"]
[EventType "team"]
[EventRounds "9"]
[EventCountry "GER"]
[SourceTitle "EXT 2017"]
[Source "ChessBase"]
[SourceDate "2016.10.25"]
[SourceVersion "1"]
[SourceVersionDate "2016.10.25"]
[SourceQuality "1"]
[WhiteTeam "Olfen"]
[BlackTeam "Borken"]
[WhiteTeamCountry "GER"]
[BlackTeamCountry "GER"]

1. e4 e5 2. f4 d6 3. Nf3 Nc6 4. Bc4 Nf6 5. Nc3 Bg4 6. d3 Nd4 7. Be3 Bxf3 8. gxf3 Nh5 9. Nb5 Nxb5 10. Bxb5+ c6 11. Bc4 Qh4+ 12. Bf2 Qxf4 13. Qe2 Be7 14. Be3 Bh4+ 15. Kd2 Qf6 16. Rag1 Nf4 17. Qf1 h5 18. Kc1 g6 19. Kb1 b5 20. Bb3 a5 21. c3 a4 22. Bc2 c5 23. d4 c4 24. Qd1 0-0 25. Qd2 a3 26. b3 b4 27. bxc4 bxc3 28. Qd1 Rfb8+ 29. Bb3 exd4 30. Bxd4 Qe6 31. Kc2 Rxb3 32. axb3 a2 33. Bxc3 a1Q 34. Bxa1 Ra2+ 35. Kb1 Rxa1+ 36. Kxa1 Bf6+ 37. Ka2 d5 38. Qc1 Ne2 39. Qd2 Nc3+ 40. Ka3 Qa6+ 41. Kb4 Qb6+ 42. Ka3 Qa5+ 0-1